Jonah / (Record no. 123583)
[ view plain ]
| 000 -LEADER | |
|---|---|
| fixed length control field | 01726cam a2200313 a 4500 |
| 001 - CONTROL NUMBER | |
| control field | 15288401 |
| 003 - CONTROL NUMBER IDENTIFIER | |
| control field | ARRUPE |
| 005 - DATE AND TIME OF LATEST TRANSACTION | |
| control field | 20151021153831.0 |
| 008 - FIXED-LENGTH DATA ELEMENTS--GENERAL INFORMATION | |
| fixed length control field | 080505s2008 miu b 001 0 eng |
| 010 ## - LIBRARY OF CONGRESS CONTROL NUMBER | |
| LC control number | 2008019716 |
| 020 ## - INTERNATIONAL STANDARD BOOK NUMBER | |
| International Standard Book Number | 9781587431371 (cloth) |
| 020 ## - INTERNATIONAL STANDARD BOOK NUMBER | |
| International Standard Book Number | 1587431378 (cloth) |
| 035 ## - SYSTEM CONTROL NUMBER | |
| System control number | (OCoLC)ocn216937294 |
| 035 ## - SYSTEM CONTROL NUMBER | |
| System control number | (OCoLC)216937294 |
| 040 ## - CATALOGING SOURCE | |
| Original cataloging agency | DLC |
| Transcribing agency | DLC |
| Modifying agency | BTCTA |
| -- | BAKER |
| -- | YDXCP |
| -- | OCLCG |
| -- | C#P |
| -- | BWX |
| -- | CDX |
| -- | DLC |
| 050 00 - LIBRARY OF CONGRESS CALL NUMBER | |
| Classification number | BS1605.53 |
| Item number | .C37 2008 |
| 082 00 - DEWEY DECIMAL CLASSIFICATION NUMBER | |
| Classification number | 224/.92077 |
| Edition number | 22 |
| 300 ## - PHYSICAL DESCRIPTION | |
| Dimensions | 24 cm. |
| 100 1# - MAIN ENTRY--PERSONAL NAME | |
| Personal name | Cary, Phillip, |
| Dates associated with a name | 1958- |
| 9 (RLIN) | 20445 |
| 245 10 - TITLE STATEMENT | |
| Title | Jonah / |
| Statement of responsibility, etc | Phillip Cary. |
| 260 ## - PUBLICATION, DISTRIBUTION, ETC. (IMPRINT) | |
| Place of publication, distribution, etc | Grand Rapids, Mich. : |
| Name of publisher, distributor, etc | Brazos Press, |
| Date of publication, distribution, etc | c2008. |
| 300 ## - PHYSICAL DESCRIPTION | |
| Extent | 187 p. ; |
| 440 #0 - SERIES STATEMENT/ADDED ENTRY--TITLE | |
| Title | Brazos theological commentary on the Bible |
| 9 (RLIN) | 20446 |
| 504 ## - BIBLIOGRAPHY, ETC. NOTE | |
| Bibliography, etc | Includes bibliographical references and indexes. |
| 505 0# - FORMATTED CONTENTS NOTE | |
| Formatted contents note | Introduction: Christian readers of a Jewish book -- Text -- Jonah 1: Jonah goes down and the ship is saved -- The Word of the Lord, Jonah, and the Gentiles (1:1-3) -- At wit's end (1:4-6) -- Finding out Jonah (1:7-10) -- The logic of redemption (1:11-17) -- Excursus : the sign of Jonah -- Jonah 2: Jonah's Psalm from the depths -- Jonah 3: The repentance of Nineveh -- Jonah calls and Nineveh believes (3:1-5) -- The king and God (3:6-10) -- Jonah 4: The repentance of the Lord -- Jonah contends with the Lord (4:1-4) -- The Parable of the Gourd (4:5-11) -- Epilogue: Jonah, Jacob, and the older brother. |
| 630 00 - SUBJECT ADDED ENTRY--UNIFORM TITLE | |
| Uniform title | Bible. O.T. |
| Name of part/section of a work | Jonah |
| Form subdivision | Commentaries. |
| 9 (RLIN) | 20447 |
| 906 ## - LOCAL DATA ELEMENT F, LDF (RLIN) | |
| a | 7 |
| b | cbc |
| c | orignew |
| d | 1 |
| e | ecip |
| f | 20 |
| g | y-gencatlg |
| 942 ## - ADDED ENTRY ELEMENTS (KOHA) | |
| Source of classification or shelving scheme | Library of Congress Classification |
| Koha item type | Monograph ( Printed materials) |
| Withdrawn status | Lost status | Source of classification or shelving scheme | Damaged status | Not for loan | Collection code | Home library | Current library | Shelving location | Date acquired | Total Checkouts | Full call number | Barcode | Date last seen | Price effective from | Koha item type |
|---|---|---|---|---|---|---|---|---|---|---|---|---|---|---|---|
| Library of Congress Classification | Main Collection | ARRUPE LIBRARY | ARRUPE LIBRARY | Main Collection | 21/10/2015 | BS1605.53C37 2008 | 46500005664 | 07/12/2016 | 21/10/2015 | Monograph ( Printed materials) |